=LDR 00000nam 2200000 4500 =001 INLIS000000000027338 =005 20210413101722 =035 ##$$a 0010-061300000027338 =008 210413################g##########0#ind## =041 ##$$a Ind =082 ##$$a 338.642 =090 ##$$a 338.642, Sur f =100 ##$$a Suriawijaya,Ahmad Kurnia =245 1#$$a Fadil Muhamad "saya pilih jadi pengusaha" /$c Ahmed Kurnia Suriawijaya =260 ##$$a Jakarta :$b Pustaka Sinar Harapan,$c 2000 =300 ##$$a vi,165 hlm. : $b ilus ; $c 20 x 14 cm. =650 #4$$a Pengusaha Kecil =850 ##$$a NBPNMAT =084 ##$$a 338.642 SUR f =250 ##$$a cet. 2 =990 ##$$a 20703309